000 00467cam a2200205ua 4500
001 7275
005 20260515114200.0
008 141205n ii |||gr||||Z||||||ben
020 _a8170796555
040 _cMAIN
041 _aben
082 _a891
100 _aDas, K.,
_eAuthor.
245 _aBangla kavyer rup o riti
_cBy Kshudiram Das
250 _a2nd.
260 _aCalcutta:
_bDey,
_c2005.
300 _a215p.
653 _aBengali literature
942 _cBK
999 _c6395
_d6395